000 00839nam a2200301 a 4500
003 AR-BaBNM
005 20251128204704.0
008 082120s2002 ||||||||||||||000 | spa||
020 _a950-737-098-2
040 _cAR-BaBNM
100 1 _aBarbosa, Rogério Andrade
245 0 0 _aLa mosca torpe ;
_bLa tortuga y el leopardo
250 _a1ª ed.
260 _aBuenos Aires
_bCoquena Grupo Editor
_bLibros del Quirquincho
_c1987
300 _a16 p.
_bil.
490 0 _aBichos de Africa: leyendas y fábulas
_vv. 1
650 4 _aLITERATURA INFANTIL
650 4 _aLIBROS PARA NIÑOS
650 4 _aCUENTOS DE ANIMALES
650 4 _aLEYENDAS
650 4 _aFABULAS
651 4 _aAfrica
655 _aLITERATURA
700 1 _aFittipaldi, Ciça
_eilustrador
700 1 _aDaelli, Luciana
_earreglo
942 _cBK
998 _cMARTIN
999 _c8431
_d8431